| 000 | 00499nam a2200205 4500 | ||
|---|---|---|---|
| 003 | SEACOMEC | ||
| 005 | 20251008115145.0 | ||
| 008 | 251008b |||||||| |||| 00| 0 eng d | ||
| 020 |
_a9780071008945 _c395 |
||
| 040 | _aSEACOMEC | ||
| 082 |
_a006.3 _bR498 |
||
| 100 | _aRich, Elaine | ||
| 245 |
_aArtificial Intelligence _cElaine Rich and Kevin Knight |
||
| 250 | _a3rd ed. | ||
| 260 |
_aNew Delhi _bTMH _cr2010 |
||
| 300 | _a621p | ||
| 650 | _aMCA | ||
| 700 | _aKnight, Kevin | ||
| 942 | _cBBK | ||
| 999 |
_c2557 _d2557 |
||